| 000 | 01706nam a2200301 a 4500 | ||
|---|---|---|---|
| 001 | BRCA_2974 | ||
| 005 | 20190320204042.0 | ||
| 008 | 181208s1905----fr-#---###---#000-0#ger-u | ||
| 041 | _ager | ||
| 044 | _afr | ||
| 084 |
_a301 _b.T78 _c1905 |
||
| 100 | 1 |
_aCervantes Saavedra, Miguel de _d1547-1616 _9213 |
|
| 245 | 1 | 0 |
_aDer Sinnreiche Junker Don Quijote von der Mancha _cvon Miguel de Cervantes Savedra. |
| 260 |
_aEstrasburgo (Francia) _bKarl J. Trübner _c1905 |
||
| 300 |
_a4 v. _c21 cm. |
||
| 500 | _aContenido : v 1. Primera parte. Prefacio de H. Morfé. Nota sobre la pronunciación de las palabras española. Introducción del autor. Prólogo del autor. Preliminares. Texto. -- v 2. Texto. -- v 3. Segunda parte. Prólogo del autor. Preliminares. Dedicatoria del autor. Texto. -- v 4. Texto | ||
| 500 | _aEdición : Übersetzt, eingeleitet und mit Erläuterungen versehen von Ludwig Braunsfels. Neue revidierte Jubiläumsausgabe | ||
| 500 | _aEs una reproducción de la traducción de Ludwig Braunfels, la más completa de las traducciones alemanas, publicada con motivo de la celebración del tercer cementerio de la publicación de la primera parte del Quijote. Hermosa edición, espléndidamente impresa en papel de Holanda. Tela; con adornos dorados en lomeras y cubiertas Lúdovik Osterc | ||
| 500 | _aQM535A | ||
| 546 | _aTexto en : alemán | ||
| 650 | 1 | 4 |
_aNovela española _yÉpoca clásica, 1500-1700 _9215 |
| 650 | 1 | 4 |
_aLiteratura española _yÉpoca clásica, 1500-1700 _9216 |
| 650 | 1 | 4 |
_aNovela española _ySiglo XVII _9217 |
| 650 | 1 | 4 |
_aDon Quijote (Personaje ficticio) _eNovela _9218 |
| 740 | 0 | _aEl Ingenioso Hidalgo Don Quijote de la Mancha | |
| 902 | _aQFM | ||
| 942 |
_2lcc _cB |
||
| 999 |
_c2713 _d2713 |
||